SAM Advanced management journal <the> official journal of the Society for Advancement of Management

Saved in:
Bibliographic Details
Format: Serial
Language:English
Published: New York The Society for Advancement of Management 1984
Tags: Add Tag
No Tags, Be the first to tag this record!

MARC

LEADER 00000nas2a2200000 4500
001 s109340
005 20250730114202.2
041 0 |a eng 
044 |a US 
245 1 0 |a SAM Advanced management journal  |b <the> official journal of the Society for Advancement of Management 
264 1 |a New York  |b The Society for Advancement of Management  |c 1984 
300 |a 1 zv. 
773 0 |w eu_un_cat*s120472